| 000 | 00607nam a2200217Ia 4500 | ||
|---|---|---|---|
| 003 | OSt | ||
| 005 | 20220924113232.0 | ||
| 006 | a|||||r|||| 00| 0 | ||
| 007 | ta | ||
| 008 | 220923b |||||||| |||| 00| 0 hin d | ||
| 024 | _a208924 | ||
| 037 | _cDictionary | ||
| 040 |
_aARTS _cARTS _bhin |
||
| 041 |
_2hin _ahin |
||
| 082 | _aP168:4k, 152J5 | ||
| 100 | _aभट्ट, केदारनाथ | ||
| 245 | 0 | _aउर्दू हिन्दी कोष | |
| 260 | _c1936 | ||
| 942 |
_hP168:4k, 152J5 _cdic _2cc |
||
| 999 |
_c389676 _d389676 |
||